000 01604nam a2200373 c 4500
003 BLK
005 20250611085558.0
008 180411b bul|||||r ||||||| ||bul||
010 _aKNG00214875000
020 _a978-954-17-0318-2
_bиздат.: Калпазанов
040 _aBLK
041 _aBUL
_cBUL
072 7 _2bullib
_aН83
_xЧужда художествена литература Н
080 _aАмериканска литература (на САЩ)
_b821.111(73)
_x-31
_z821.111(73)-31
100 1 _aДжеймс, Елоиза
_eпърви автор
_gВетори, Мери Блай
_9335414
700 _aХристова, Мариана Тошкова
_d1981-
_9381272
700 1 _aВетори, Мери Блай
_e*
_9341093
139 _aДжеймс, Елоиза
_bД 50
245 1 0 _aАфера по Коледа
_bРоман
_cЕлоиза Джеймс; прев. Мариана Тошкова Христова; * Мери Блай Ветори.
257 _aUSA
260 София
_bКалпазанов
_c2017
300 _a384 с.
_c20 см
380 _aX
490 1 _aОтчаяни херцогини
_v№ 2
500 _aОриг. загл. An Affair Before Christmas / Еloisa James. - Елоиза Джеймс - псевд. на Мери Блай Ветори.
653 _aромани
659 _aН
852 _aЦб 288486
856 4 _qpdf
_u
856 4 _qpdf
_u
942 _cKNG
_n0
_090
944 _aCR
_c16.12.2017
_lЦветомила Тодорова
_k30576
944 _aED
_c02.01.2018
_lф /
_kЛюдмила_Стоянова
999 _c205270
_d205270